Britská území - Statistics

General Stats
  • This quiz has been taken 51 times
    50 since last reset
  • The average score is 9 of 23
Answer Stats
Hint Answer % Correct
Constituent Countries Skotsko
92%
Constituent Countries Anglie
86%
Constituent Countries Wales
86%
Overseas Territories Gibraltar
81%
Constituent Countries Severní Irsko
81%
Crown Dependencies Ostrov Man
73%
Crown Dependencies Jersey
59%
Overseas Territories Bermudy
51%
Overseas Territories Britské Panenské ostrovy
46%
Crown Dependencies Guernsey
41%
Overseas Territories Falklandy (Malvíny)
38%
Overseas Territories Kajmanské ostrovy
32%
Overseas Territories Svatá Helena
19%
Overseas Territories Pitcairnovy ostrovy
16%
Overseas Territories Turks a Caicos
16%
Overseas Territories Montserrat
14%
Overseas Territories Anguilla
11%
Overseas Territories Jižní Georgie a Jižní Sandwichovy ostrovy
8%
Overseas Territories Akrotiri a Dhekelia
5%
Overseas Territories Britské antarktické území
5%
Ascension
3%
Overseas Territories Britské indickoocenánské územíZámořské území Spojeného království
3%
Tristan da Cunha
3%
No matching quizzes found
Score Distribution
Percent of People with Each Score
Percentile by Number Answered
Your Score History
You have not taken this quiz since the last reset